2010s Oscar Visual Effects Nominees - Statistics

General Stats
  • This quiz has been taken 53 times
  • The average score is 16 of 48
Answer Stats
Movie % Correct
The Avengers
90%
Avengers: Infinity War
73%
Interstellar
71%
Inception
66%
Avatar
63%
Gravity
63%
Guardians of the Galaxy
56%
Mad Max: Fury Road
56%
Iron Man 3
49%
Star Wars: The Force Awakens
49%
First Man
46%
Life of Pi
46%
The Jungle Book
46%
Doctor Strange
46%
Star Wars: The Last Jedi
46%
The Martian
46%
Hugo
44%
Guardians of the Galaxy Vol. 2
41%
Ex Machina
39%
Captain America: The Winter Soldier
39%
The Revenant
39%
Blade Runner 2049
37%
Harry Potter and the Deathly Hallows - Part 2
34%
Harry Potter and the Deathly Hallows - Part 1
32%
Iron Man 2
32%
X-Men: Days of Future Past
27%
District 9
24%
Rise of the Planet of the Apes
24%
The Hobbit: An Unexpected Journey
24%
Christopher Robin
22%
Dawn of the Planet of the Apes
22%
Star Trek
22%
The Hobbit: The Desolation of Smaug
22%
Solo: A Star Wars Story
20%
Transformers: Dark of the Moon
20%
War for the Planet of the Apes
20%
Alice in Wonderland
17%
Kubo and the Two Strings
17%
Star Trek Into Darkness
17%
Hereafter
15%
Prometheus
15%
Deepwater Horizon
12%
Kong: Skull Island
12%
Real Steel
12%
The Lone Ranger
12%
Snow White and the Huntsman
10%
Rouge One: A Star Wars Story
7%
Read Player One
2%
No matching quizzes found
Score Distribution
Percent of People with Each Score
Percentile by Number Answered
Your Score History
You have not taken this quiz